02639agaaa2200325 45000010005000000030009000050050017000140070009000310080040000400400023000800410013001031000045001161300011001612400028001722450163002002460021003632500022003842600155004063000034005615080210005955110090008055201084008955380016019795460013019956500063020087000060020717000069021317000056022007000057022565318IT-RoPAU20220918181233.0d cvaizq50131s9999||||xx ||| | || ||und|| aIT-RoPAUcIT-RoPAU aITALIANO aMarcus PaulgCodice regista SPICS: 58058 aNERONE aIMPERIUM: NERONEgT3472 aNERONEcProdotto da: Bernabei Luca -- Sceneggiatura: Billing Paul Contaldo Francesco -- Diretto da: Marcus PaulpNERONE (Rif. Codice opera principale : H5318) aIMPERIUM: NERONE aEdizione Standard a(ITA - SPA - UK)bRAI FICTION - LUX VIDE - EOS INTERT. - RAI TR / Distribuzione: MULTIMEDIA SAN PAOLOg"2004 (1° ed.: 2005 ; Ed. Lingua Orig.: 2004)" aDVDbsonoro, col.c182 minuti a"Fotografia: Galasso Giovanni; Montaggio: Lucidi Alessandro; Musica: Guerra Andrea; Sceneggiatura: Billing Paul Contaldo Francesco; Scenografia: Agate Carmelo; Soggetto: Billing Paul -- Contaldo Francesco" a"Matheson Hans; Morante Laura; Schmid Rike; Habich Matthias; Molina Angela; Cariot P" aL'IMPERATORE CALIGOLA E' PREDA DELLA FOLLIA. UCCIDE IL MARITO DI SUA SORELLA AGRIPPINA, COINVOLTO IN UNA CONGIURA CONTRO DI LUI. AGRIPPINA VIENE ESILIATA SU UN'ISOLA LONTANA E SEPARATA DAL SUO UNICO FIGLIO, CHE AMA PIU' DELLA SUA STESSA VITA. HA SOLO OTTO ANNI, IL SUO NOME E' LUCIO, MA PASSERA' ALLA STORIA CON IL NOME DI NERONE. CALIGOLA VIENE UCCISO DAI SUOI GENERALI. GLI SUCCEDE CLAUDIO, CHE DECIDE DI PORRE TERMINE ALL'INGIUSTO ESILIO DI AGRIPPINA. COSI', DOPO TANTI ANNI, NERONE PUO' RIABBRACCIARE SUA MADRE. MA AGRIPPINA ORA HA UN UNICO, PRECISO OBIETTIVO: SUO FIGLIO NERONE DOVRA' DIVENTAREIMPERATORE. PER PRIMA COSA SI SBARAZZA DI MESSALINA, LA DISSOLUTA MOGLIE DI CLAUDIO. POI SEDUCE L'IMPERATORE CONVINCENDOLO A SPOSARLA. INFINE PERSUADE CLAUDIO A NOMINARE EREDE DEL POTERE IMPERIALE NERONE E NON SUO FIGLIO NATURALE BRITANNICO. NERONE VORREBBE TRASFERIRSI IN GRECIA CON ATE, MA SUA MADRE AVVELENA IL MARITO CLAUDIO. NERONE, SUO MALGRADO, DIVENTA IMPERATORE...IL DISCO EXTRA CONTIENE IL DOCUMENTARIO: ALLA SCOPERTA DFI ROMA, UN VIAGGIO AFFASCINANTE NELLA ROMA ANTICA. aPAL, STEREO aITALIANO aDRAMMA STORICOeDVD-FILM [DVD]xCodice MATERIA SPICS: 9947 aBilling Paul e(soggetto)gCodice Soggetto SPICS: 58059 aContaldo Francesco e(soggetto)gCodice Soggetto 2° SPICS: 7850 aGuerra Andreae(musica)gCodice Musica SPICS: 57998 aMarcus Paul e(regista)gCodice regista SPICS: 58058